000 00303nam a22001337a 4500
008 170926b xxu||||| |||| 00| 0 eng d
020 _a9780321019387
041 _aeng
080 _29 ED
_a37
100 _a46
101 _aEDU
245 _aTHE LANGUAGE OF ARGUMENT
_cBURTON.L.W
942 _2udc
_cBK
999 _c29894
_d29894